Score 0/24 Timer 03:00
0 Plays Today
Show Word % Correct
The Twilight ____Zone
93.5%
Candid ____Camera
92.8%
Hallmark Hall of ____Fame
90.6%
____ Churchill: The Valiant YearsWinston
89.9%
The Andy ____ ShowGriffith
87.8%
An Hour ____ Danny KayeWith
87.1%
My Three ____Sons
86.3%
Belafonte ___ YorkNew
84.9%
The Garry Moore ____Show
83.5%
The ____ Skelton ShowRed
82.7%
Perry ____Mason
81.3%
Captain ____Kangaroo
80.6%
Show Word % Correct
The ____ Benny ShowJack
78.4%
The ____ Reed ShowDonna
74.8%
The Twentieth ____Century
74.8%
The ____ Stanwyck ShowBarbara
72.7%
The Loretta ____ ShowYoung
71.2%
General ____ TheatreElectric
64.7%
The Shari ____ ShowLewis
56.8%
____ Temple TheatreShirley
56.1%
Naked ____City
54%
The Bob ____ ShowHope
51.1%
The Jack Paar ____ ShowTonight
49.6%
Astaire ____Time
14.4%
Remove Ads.
Support Sporcle.
Get the best of Sporcle when you Go Orange. This ad-free experience offers more features, more stats, and more fun while also helping to support Sporcle. Thank you for becoming a member.

You're not logged in!

Compare scores with friends on all Sporcle quizzes.
OR
Log In

Show Comments

Extras

Top Quizzes Today


Score Distribution

Your Account Isn't Verified!

In order to create a playlist on Sporcle, you need to verify the email address you used during registration. Go to your Sporcle Settings to finish the process.

Report this User

Report this user for behavior that violates our Community Guidelines.

Details: